驻地最靠东的20个地级行政区 The 20 easternmost prefecture-level regions - Statistics

General Stats
  • This quiz has been taken 141 times
  • The average score is 16 of 20
Answer Stats
东经 北纬 县区 % Correct
131.00 45.77 七台河市
95%
130.31 46.80 佳木斯市
94%
129.51 42.89 延边朝鲜族自治州
94%
126.53 45.80 哈尔滨市
93%
131.13 46.67 双鸭山市
92%
129.63 44.55 牡丹江市
92%
130.96 45.29 鸡西市
90%
126.41 41.94 白山市
87%
130.29 47.35 鹤岗市
85%
126.54 43.84 吉林市
83%
127.52 50.24 黑河市
81%
128.83 47.73 伊春市
80%
126.96 46.65 绥化市
80%
125.93 41.73 通化市
78%
125.32 43.81 长春市
78%
124.35 40.00 丹东市
78%
125.10 46.59 大庆市
77%
125.14 42.89 辽源市
68%
124.34 43.16 四平市
64%
124.82 45.14 松原市
49%
No matching quizzes found
Score Distribution
Percent of People with Each Score
Percentile by Number Answered
Your Score History
You have not taken this quiz